000 00521nam a22001575i 4500
001 52944
003 ES-MaACL
007 t|
008 950905s1877 fr ||||1| fre d
040 _aCAM
_bspa
_cCAM
100 1 _aDollfus, Gustave-Frédéric.
_945032
245 1 0 _aTerebripora capillacea
_b: Bryozoaire nouveau du terrain dévonien du cotentin /
_cpar Gustave Dollfus.
260 _aCaen :
_b[s.n.],
_c1877 (
_ftyp. F. le Blanc-Hardel)
300 _a16 p., [1] h. de lám. ;
_c23 cm.
852 _aES-MaACL
_jT-962-F-14
999 _c52944
_d52944